La dimensión misional en América Latina. El Documento de Puebla y la misión / Agnelo Rossi, Roger Aubry (Registro nro. 43357)
[ vista simple ]
| 000 -LÍDER | |
|---|---|
| Campo fijo de descripción fija | 003410000a22001210004500 |
| 041 0# - CÓDIGO DE IDIOMA | |
| Código de idioma para texto/pista de sonido o título separado | |
| 082 04 - NÚMERO DE CLASIFICACIÓN DECIMAL DEWEY | |
| Número de clasificación | AV 0386 |
| 001 - NÚMERO DE CONTROL | |
| Campo de control | 14497 |
| 110 1# - ASIENTO PRINCIPAL--NOMBRE CORPORATIVO | |
| Nombre corporativo o de jurisdicción como elemento de entrada | Consejo Episcopal Latinoamericano CELAM |
| 245 10 - TÍTULO | |
| Título del Material | La dimensión misional en América Latina. El Documento de Puebla y la misión / Agnelo Rossi, Roger Aubry |
| 300 ## - DESCRIPCIÓN FÍSICA | |
| Extensión | 38 Pág. |
| 942 ## - TIPO DE MATERIAL (KOHA) | |
| Tipo de Item KOHA | Libros General |
| Estado de Material | Estado de Perdido | Estado de Dañado | No para Préstamo | Colección | Tomo | Biblioteca de Origen | Biblioteca Permanente | Fecha de Adquisición | Total de Préstamos | Signatura Topográfica | Código de Barras | Última vez visto | Ejemplar/Existencia | Fecha de Remplazo | Tipo de Material |
|---|---|---|---|---|---|---|---|---|---|---|---|---|---|---|---|
| Colección Folletos | Biblioteca FUSBC | Biblioteca FUSBC | 16/08/2007 | AV 0386 | 16617 | 12/12/2019 | 1 | 26/01/2016 | Documentos Archivo Vertical |
